Sobre el fodo real de la persona jurídica (Registro nro. 27521)

Detalles MARC
000 -LEADER
fixed length control field 00328 a2200109 4500
001 - CONTROL NUMBER
control field ART_18294
005 - DATE AND TIME OF LATEST TRANSACTION
control field 20260410161919.0
008 - FIXED-LENGTH DATA ELEMENTS--GENERAL INFORMATION
fixed length control field 260409a
100 1# - MAIN ENTRY--PERSONAL NAME
Personal name Rosembuj, Tulio R.
245 10 - TITLE STATEMENT
Title Sobre el fodo real de la persona jurídica
773 0# - HOST ITEM ENTRY
Title La información
Related parts - Tomo XXX, Nº 535 (jul. 1974)
Record control number REV14902

No hay ítems disponibles.